| 000 | 00625nam a2200193Ia 4500 | ||
|---|---|---|---|
| 008 | 140110s9999 xx 000 0 und d | ||
| 020 |
_a9788173049446 _cRs.695.00 |
||
| 040 | _aLoreto College | ||
| 041 | _aEnglish | ||
| 082 |
_a327.1(I)/RAM _bLCLIB/49412 |
||
| 245 |
_aTwo decades of India's look East policy _b Partnership for peace,progress and prosperity _cEdited by Amar Nath Ram |
||
| 260 |
_aNew Delhi _bManohar Publishers _c2012 |
||
| 300 |
_a257p. _c22cm |
||
| 504 | _aIncludes index | ||
| 650 | _aIndia-Asia Pacific-Foreign policy | ||
| 700 | _aRam,Amar Nath,ed. | ||
| 850 | _aLCLIB/327.1(I)/RAM | ||
| 942 | _cBK | ||
| 999 |
_c38509 _d88988 |
||